[Event "GER-ch Youth-C"]
[Site "Willingen"]
[Date "2022.06.08"]
[Round "6"]
[White "Zinnikus, Elias"]
[Black "Pac, Maksym"]
[Result "1/2-1/2"]
[WhiteElo "1282"]
[BlackElo "1033"]
[PlyCount "73"]
[EventDate "2022.06.04"]
[EventType "swiss"]
[EventRounds "9"]
[EventCountry "GER"]
[SourceTitle "CBM 208 Extra"]
[Source "ChessBase"]
[SourceDate "2022.07.31"]
[SourceVersion "1"]
[SourceVersionDate "2022.07.31"]
[SourceQuality "1"]

1. Nf3 d5 2. d4 Nf6 3. c4 c6 4. e3 Bf5 5. Nc3 e6 6. Be2 Ne4 7. Nxe4 Bxe4 8. 0-0 Nd7 9. Bd3 Nf6 10. Bxe4 Nxe4 11. Nd2 Nf6 12. Qb3 Rb8 13. Re1 Be7 14. Nf3 0-0 15. Bd2 c5 16. cxd5 Qxd5 17. Qxd5 Nxd5 18. Rac1 cxd4 19. Nxd4 Bf6 20. Bc3 Nxc3 21. Rxc3 Bxd4 22. exd4 Rfd8 23. Rec1 Rxd4 24. Rc8+ Rd8 25. Rxb8 Rxb8 26. f4 Rd8 27. Kf2 Rd2+ 28. Ke3 Rd8 29. Rc7 Rb8 30. Ke4 g6 31. g4 Kg7 32. h4 a6 33. a4 b5 34. a5 Rd8 35. Ra7 Rd6 36. Ke5 Rc6 37. g5 1/2-1/2

[Event "GER-ch Youth-C"]
[Site "Willingen"]
[Date "2022.06.07"]
[Round "4"]
[White "Rabus, Johann"]
[Black "Zinnikus, Elias"]
[Result "1-0"]
[WhiteElo "1079"]
[BlackElo "1282"]
[PlyCount "114"]
[EventDate "2022.06.04"]
[EventType "swiss"]
[EventRounds "9"]
[EventCountry "GER"]
[SourceTitle "CBM 208 Extra"]
[Source "ChessBase"]
[SourceDate "2022.07.31"]
[SourceVersion "1"]
[SourceVersionDate "2022.07.31"]
[SourceQuality "1"]

1. e4 c5 2. d4 cxd4 3. c3 Nf6 4. e5 Nd5 5. cxd4 Nc6 6. Nf3 d6 7. Nc3 e6 8. Bb5 Bd7 9. 0-0 Be7 10. Bd3 Rc8 11. Bd2 Qb6 12. Na4 Qc7 13. Rc1 a6 14. Nc3 Ndb4 15. Bb1 b5 16. Nxb5 Qb8 17. Nc3 dxe5 18. dxe5 Nxe5 19. Bf4 Nxf3+ 20. Qxf3 Qb6 21. Rfd1 Bc6 22. Be4 Bxe4 23. Qxe4 0-0 24. Rd7 Qc5 25. Be3 Qc6 26. Rxe7 Qxe4 27. Nxe4 Rxc1+ 28. Bxc1 Nxa2 29. Bd2 Rb8 30. Ra7 h6 31. Rxa6 Rxb2 32. f3 f5 33. Nc3 Nb4 34. Rb6 Rxd2 35. Rxb4 Kf7 36. h3 Rd3 37. Ne2 Kf6 38. Kf2 g5 39. Rb6 h5 40. Nc1 Rc3 41. Nb3 Rc2+ 42. Kg3 f4+ 43. Kh2 Rc4 44. Nd2 Rd4 45. Ne4+ Rxe4 46. fxe4 Ke5 47. Kg1 g4 48. hxg4 hxg4 49. g3 fxg3 50. Kg2 Kxe4 51. Rxe6+ Kf5 52. Re3 Kg5 53. Rxg3 Kh4 54. Ra3 Kg5 55. Kg3 Kf5 56. Ra4 Ke5 57. Rxg4 Kd5 1-0

[Event "GER-ch Youth-C"]
[Site "Willingen"]
[Date "2022.06.05"]
[Round "2"]
[White "Zinnikus, Elias"]
[Black "Fahlbusch, Niclas"]
[Result "0-1"]
[WhiteElo "1282"]
[BlackElo "1280"]
[PlyCount "92"]
[EventDate "2022.06.04"]
[EventType "swiss"]
[EventRounds "9"]
[EventCountry "GER"]
[SourceTitle "CBM 208 Extra"]
[Source "ChessBase"]
[SourceDate "2022.07.31"]
[SourceVersion "1"]
[SourceVersionDate "2022.07.31"]
[SourceQuality "1"]

1. Nf3 d5 2. d4 Bf5 3. c4 e6 4. Nc3 c6 5. e3 Nf6 6. Be2 Bd6 7. 0-0 Nbd7 8. Re1 0-0 9. Qb3 b6 10. Bd2 c5 11. cxd5 cxd4 12. Nxd4 Nc5 13. Qc4 exd5 14. Nxd5 Nxd5 15. Nxf5 Be5 16. Qxd5 Qxd5 17. Ne7+ Kh8 18. Nxd5 Rad8 19. Bf3 Nd3 20. Re2 Nxb2 21. Bb4 Nc4 22. Bxf8 Bxa1 23. Re1 Nd2 24. Rxa1 Nxf3+ 25. gxf3 Rxf8 26. Rc1 Ra8 27. Rc7 Kg8 28. Kg2 b5 29. Ne7+ Kf8 30. Rc8+ Rxc8 31. Nxc8 a5 32. Nb6 Ke7 33. Kg3 Kd6 34. Kf4 Kc5 35. Nd7+ Kb4 36. Ke4 Ka3 37. Kd3 Kxa2 38. Nc5 Kb2 39. e4 a4 40. Kd2 a3 41. Nd3+ Kb1 42. Nb4 a2 43. Nc2 b4 44. Kd3 b3 45. Na3+ Kc1 46. e5 a1Q 0-1

[Event "GER-ch U25-C"]
[Site "Willingen"]
[Date "2019.06.09"]
[Round "2"]
[White "Struebel, Tobias"]
[Black "Zinnikus, Elias"]
[Result "1-0"]
[WhiteElo "1337"]
[BlackElo "1176"]
[PlyCount "23"]
[EventDate "2019.06.08"]
[EventType "swiss"]
[EventRounds "9"]
[EventCountry "GER"]
[SourceTitle "CBM 191 Extra"]
[Source "ChessBase"]
[SourceDate "2019.09.30"]
[SourceVersion "1"]
[SourceVersionDate "2019.09.30"]
[SourceQuality "1"]

1. e4 d6 2. d4 Nf6 3. Nc3 g6 4. Be3 Bg7 5. f3 0-0 6. Qd2 c6 7. Bh6 Qc7 8. h4 Nbd7 9. h5 Nxh5 10. Rxh5 gxh5 11. Qg5 Kh8 12. Qxg7# 1-0

[Event "GER-ch U25-C"]
[Site "Willingen"]
[Date "2018.05.21"]
[Round "3"]
[White "Zinnikus, Elias"]
[Black "Schneble, Milan"]
[Result "1-0"]
[WhiteElo "944"]
[BlackElo "1258"]
[PlyCount "120"]
[EventDate "2018.05.19"]
[EventType "swiss"]
[EventRounds "9"]
[EventCountry "GER"]
[SourceTitle "CBM 184 Extra"]
[Source "ChessBase"]
[SourceDate "2018.06.28"]
[SourceVersion "1"]
[SourceVersionDate "2018.06.28"]
[SourceQuality "1"]

1. Nf3 d5 2. d4 Nf6 3. c4 e6 4. Bg5 Nc6 5. Nc3 Bb4 6. Qc2 h6 7. Bh4 0-0 8. e3 Be7 9. Bd3 dxc4 10. Bxc4 Ne8 11. Bg3 Nd6 12. Be2 Nf5 13. Bf4 Bd6 14. Bxd6 cxd6 15. 0-0 Re8 16. Rfd1 Qb6 17. Rac1 Bd7 18. a3 Rad8 19. Bd3 Nfe7 20. Be2 Na5 21. b4 Nac6 22. e4 Rc8 23. d5 Nd8 24. Qd3 exd5 25. exd5 Bf5 26. Qd2 Ng6 27. Bd3 Bg4 28. h3 Bxf3 29. gxf3 Ne5 30. Be4 Nc4 31. Qe2 Re5 32. Kh1 Nxa3 33. Na4 Rxc1 34. Nxb6 Rxd1+ 35. Qxd1 axb6 36. Qa4 Nc4 37. Qd7 Ne6 38. Qc8+ Nf8 39. Qxc4 f5 40. Bd3 Re7 41. Bxf5 g6 42. Be4 Rd7 43. Qc8 g5 44. Kh2 Kf7 45. Bf5 Re7 46. Qd8 Re5 47. Bg4 Rxd5 48. Qc7+ Kf6 49. Qxb6 Ne6 50. Qxb7 Rd2 51. Kg3 Rd1 52. Kg2 Nf4+ 53. Kh2 d5 54. Qb6+ Ke5 55. Qe3+ Kf6 56. b5 d4 57. Qb3 Rd2 58. Kg1 Ke5 59. b6 Nd3 60. Qb5+ Kf4 1-0

[Event "GER-ch U10"]
[Site "Willingen"]
[Date "2017.06.05"]
[Round "3"]
[White "Brandstrup, Luca Alexander"]
[Black "Zinnikus, Elias"]
[Result "0-1"]
[WhiteElo "1083"]
[BlackElo "776"]
[PlyCount "124"]
[EventDate "2017.06.04"]
[EventType "swiss"]
[EventRounds "11"]
[EventCountry "GER"]
[SourceTitle "CBM 178 Extra"]
[Source "ChessBase"]
[SourceDate "2017.06.22"]
[SourceVersion "1"]
[SourceVersionDate "2017.06.22"]
[SourceQuality "1"]

1. e4 d6 2. f4 Nf6 3. d3 g6 4. Be2 Bg7 5. Nf3 0-0 6. 0-0 c6 7. Qe1 Nbd7 8. Qh4 e5 9. g4 Nc5 10. h3 exf4 11. Bxf4 Nfd7 12. Qxd8 Rxd8 13. Bxd6 Bxb2 14. Nbd2 Bxa1 15. Rxa1 Ne6 16. Bg3 Ndc5 17. Bh4 Rd7 18. Ne5 Rc7 19. Bf1 Nd7 20. Nec4 Ndc5 21. Ne5 Kg7 22. d4 f6 23. Bg3 Kg8 24. Nd3 Nxd3 25. Bxc7 Nxc7 26. Bxd3 Ne6 27. Bc4 b5 28. Bb3 Kg7 29. d5 cxd5 30. Bxd5 Rb8 31. Rf1 Nd4 32. Bb3 Nxb3 33. Nxb3 Bb7 34. Re1 Rc8 35. Na5 Ba8 36. Re2 Rc3 37. Kh2 Ra3 38. Nb3 Rxa2 39. Nd4 a6 40. e5 fxe5 41. Rxe5 Kf7 42. g5 Bc6 43. Rc5 Be4 44. Rc7+ Kg8 45. Kg3 b4 46. Kf4 Bg2 47. h4 Ra1 48. Ke5 Re1+ 49. Kd6 Re8 50. Kd7 Ra8 51. Ke7 Bd5 52. Rd7 Bc4 53. Rc7 Bd5 54. Ne2 a5 55. Rc5 Bf7 56. Kf6 a4 57. Nc1 a3 58. Rc6 a2 59. Nb3 Bxb3 60. cxb3 a1Q+ 61. Ke6 Qe1+ 62. Kf6 Rf8# 0-1